[Event "Moscow Interzonal"]
[Site "Moscow"]
[Date "1982.??.??"]
[Round "4"]
[White "Quinteros, Miguel A"]
[Black "Christiansen, Larry Mark"]
[Result "0-1"]
[WhiteElo "2520"]
[BlackElo "2505"]

1.d4 Nf6 2.c4 e6 3.Nf3 c5 4.Nc3 cxd4 5.Nxd4 Bb4 6.g3 O-O 7.Bg2 d5 8.Qb3 Bc5
9.Nc2 Nc6 10.cxd5 exd5 11.O-O d4 12.Na4 Qa5 13.Nxc5 Qxc5 14.e3 Be6 15.Qxb7 Qxc2
16.Qxc6 Bc4 17.exd4 Rac8 18.Qf3 Be2 19.Qb3 Bxf1 20.Bxf1 Rfe8 21.Be3 Qf5 22.Rd1 Rb8
23.Qc3 Ng4 24.Rd2 Qh5 25.h3 Nxe3 26.fxe3 Qf3 27.Bg2 Qxg3 28.e4 Qg5 29.Re2 Rbc8
30.Qf3 Qd8 31.Qe3 f6 32.e5 fxe5 33.dxe5 Kh8 34.e6 Qd6 35.Qe5 Rc1+ 36.Kf2 Qe7
37.Rd2 Qh4+ 38.Qg3 Rf8+  0-1

[Event "Moscow Interzonal"]
[Site "Moscow"]
[Date "1982.??.??"]
[Round "8"]
[White "Beliavsky, Alexander G"]
[Black "Christiansen, Larry Mark"]
[Result "1-0"]
[WhiteElo "2620"]
[BlackElo "2505"]

1.e4 d6 2.d4 Nf6 3.Nc3 g6 4.f4 Bg7 5.Nf3 O-O 6.Be3 c6 7.Bd3 Nbd7 8.h3 e5
9.dxe5 dxe5 10.fxe5 Ne8 11.Bc4 Qe7 12.e6 fxe6 13.O-O b5 14.Bb3 Nc5 15.e5 b4
16.Na4 Nxa4 17.Bxa4 Ba6 18.Rf2 Rd8 19.Qe1 h6 20.a3 b3 21.Bxb3 Nc7 22.Qb4 Qd7
23.Qe4 Qe8 24.c4 Rb8 25.Ba4 Bb7 26.Bc5 Rf5 27.g4 Rf7 28.Qxg6 Rf4 29.Qd3 Rd8
30.Bd6 Nb5 31.Bc2 Nxd6 32.exd6 c5 33.Qh7+ Kf8 34.Raf1 Qc6 35.Ba4 Qxd6 36.Nh4 Qd4
37.Ng6+ Kf7 38.Nxf4 Bf3 39.Qg6+  1-0

[Event "Moscow Interzonal"]
[Site "Moscow"]
[Date "1982.??.??"]
[Round "9"]
[White "Garcia Gonzales, Guillermo"]
[Black "Beliavsky, Alexander G"]
[Result "0-1"]
[WhiteElo "2500"]
[BlackElo "2620"]

1.d4 d5 2.c4 e6 3.Nc3 Be7 4.Nf3 Nf6 5.Bg5 h6 6.Bh4 O-O 7.e3 b6 8.Rc1 Bb7
9.Bxf6 Bxf6 10.cxd5 exd5 11.Be2 Qe7 12.O-O Rd8 13.Qb3 c5 14.dxc5 bxc5 15.Rfd1 d4
16.Na4 Na6 17.Bxa6 Bxa6 18.Nxc5 Be2 19.Rxd4 Rdc8 20.Qd5 Bxf3 21.Qxf3 Bxd4
22.exd4 Rab8 23.b3 Rd8 24.Qe3 Qd6 25.Rc4 Re8 26.Qd2 Qf4 27.Qd1 Rbd8 28.g3 Qf5
29.Kg2 Rd6 30.a4 Rf6 31.Rc2 Qd5+ 32.Kg1 Rb6 33.Re2 Rd8 34.Qe1 Qxd4 35.Re8+ Kh7
36.Rxd8 Qxd8 37.Qe4+ Kg8 38.b4 Rd6 39.b5 Rd1+ 40.Kg2 Qd5 41.Qxd5  0-1